Economists mathematical manual (Record no. 2000)
[ view plain ]
| 000 -LEADER | |
|---|---|
| fixed length control field | 00519 a2200193 4500 |
| 001 - CONTROL NUMBER | |
| control field | 068312 |
| 003 - CONTROL NUMBER IDENTIFIER | |
| control field | OSt |
| 005 - DATE AND TIME OF LATEST TRANSACTION | |
| control field | 20220215173418.0 |
| 008 - FIXED-LENGTH DATA ELEMENTS--GENERAL INFORMATION | |
| fixed length control field | |
| 082 ## - DEWEY DECIMAL CLASSIFICATION NUMBER | |
| Classification number | 330.0151 |
| Item number | S25E |
| 100 1# - MAIN ENTRY--PERSONAL NAME | |
| Personal name | Sydsaeter, Knut |
| 245 1# - TITLE STATEMENT | |
| Title | Economists mathematical manual |
| Statement of responsibility, etc | by Knut Sydsaeter and Peter Berck |
| 250 ## - EDITION STATEMENT | |
| Edition statement | 4th ed. |
| 260 ## - PUBLICATION, DISTRIBUTION, ETC. (IMPRINT) | |
| Place of publication, distribution, etc | New York |
| Name of publisher, distributor, etc | Springer |
| Date of publication, distribution, etc | 2008 |
| 300 ## - PHYSICAL DESCRIPTION | |
| Extent | 225p. |
| 653 ## - INDEX TERM--UNCONTROLLED | |
| Uncontrolled term | Economics, Mathematical; Economics; Mathematics |
| 700 ## - ADDED ENTRY--PERSONAL NAME | |
| Personal name | Berck, Peter |
| 942 ## - ADDED ENTRY ELEMENTS (KOHA) | |
| Source of classification or shelving scheme | Dewey Decimal Classification |
| Koha item type | Books |
| Withdrawn status | Lost status | Source of classification or shelving scheme | Damaged status | Not for loan | Collection code | Home library | Current library | Date acquired | Source of acquisition | Cost, normal purchase price | Total Checkouts | Full call number | Barcode | Date last seen | Date checked out | Price effective from | Koha item type |
|---|---|---|---|---|---|---|---|---|---|---|---|---|---|---|---|---|---|
| Dewey Decimal Classification | General Text Book | Central University Of Rajasthan | Central University Of Rajasthan | 07/03/2012 | MTH | 695.00 | 4 | 330.0151 S25E | 2599 | 13/11/2025 | 28/10/2025 | 02/09/2020 | Books |
